La guerre froide - Statistiques

Statistiques générales
  • Ce quiz a été pris 1 327 fois
    1 285 depuis la dernière actualisation
  • Le résultat moyen est 15 sur 18
Statistiques - réponses
Question Réponse % Correct
Trouvez la définition de la guerre froide ! Affrontement idéologique, économique, militaire et culturel entre deux blocs, mené par l’URSS et les États-Unis, sans confrontation directe.
98%
En quelle année le mur de Berlin a-t-il été détruit ? 1989
93%
Quelle est la date de la chute du mur de Berlin ? 9 novembre 1989
91%
En quelle année l’URSS disparaît-elle ? En 1991
90%
Que s’est-il passé de 1950 à 1953 ? Il y a une guerre en Corée
90%
Quelle est la crise la plus grave de la guerre froide ? (Où le monde a été au bord d'un effondrement nucléaire) La crise de Cuba
89%
Quelle aide économique et financière les États-Unis mettent-ils en place ? Le plan Marshall
89%
Comment les États-Unis ripostent-ils face au blocus de Berlin ? Ils organisent un pont aérien
88%
Quand commence la guerre froide ? 1947
85%
Quand a eu lieu la crise de Cuba ? En 1962
84%
En quelle année se finit la guerre froide ? 1991
82%
Quelles sont les deux idéologie de l’URSS et des États-Unis ? Doctrine Truman et doctrine Jdanov
82%
Que s’est-il passé en 1961 ? Le mur de Berlin a été construit
81%
Qu’est-ce que le pacte de Varsovie ? Une alliance militaire
80%
Quelles sont les dates du blocus de Berlin ? 1948-1949
70%
Qu’est-ce que la "RFA" ? République fédérale d’Allemagne
63%
Qui était Robert Schuman ? Ministre français des affaires étrangères
53%
En quelle année Gorbatchev est-il arrivé au pouvoir en URSS ? Il est arrivé au pouvoir en 1985.
51%
Aucun quiz correspondant
Distribution des résultats
% des personnes avec chaque résultat
Percentile par nombre de réponses
Votre historique - résultats
Vous n’avez pas pris ce quiz depuis la dernière actualisation